00627cam a2200181 a 450000100100000000500170001000800410002704000250006808200190009310000290011224500730014126000340021430000210024850400340026960000780030365000420038165000220042300000339420200929150429.0880718s1987 cu b f001 0 spa c aDO-SdBNPbspacBNPHU aCu861.4bS157t1 aSaínz, Enrique,d1941-10aTrayectoria poética y crítica de Regino Boti /cEnrique Saínz. aLa Habana :bAcademia,c1987. a186 p. ;c23 cm. aBibliografía: p. [178]-186.14aBOTI Y BARREIRO, REGINO ELADIO,d1878-1958xCRÍTICA E INTERPRETACIÓN. 4aPoesía cubanaxHistoria y crítica 4aLiteratura cubana